| 000 | 01517nam0a22003251 4500 | ||
|---|---|---|---|
| 001 | RU\NLR\A2\5588 | ||
| 005 | 20251203171251.9 | ||
| 035 | _a(NLR Aleph) 009859108 | ||
| 090 |
_a10378655 _c10378655 |
||
| 100 | _a19961112d1790 u y0rusy50 ca | ||
| 101 | 0 | _ager | |
| 102 |
_aRU _aDE |
||
| 200 | 1 |
_aStatistische Schilderung von Russland, in Rücksicht auf Bevölkerung, Landesbeschaffenheit, Naturprodukte, Landwirtschaft, Bergbau, Manufakturen und Handel _fVon Benedikt Franz Johann Hermann, Russisch-kaiserlichem Hofrath, und der Kaiserlichen Akademie der Wissenschaften in St. Petersburg, wie auch der Freyen ökonomischen Gesellschaft daselbst und anderer gelehrten Gesellschaften Mitglied |
|
| 210 |
_aSt. Petersburg [St.- Peterburg] _cBey Christian Tornow und Compagnie _aLeipzig _cIn Commission bey Friedrich Gotthold Jacobäer _d1790 |
||
| 215 |
_a[14], 488 с., [17] л. ил. _d4° |
||
| 321 | 1 | _aСК XVIII(ин.) 1299 | |
| 620 | _dSt.- Peterburg | ||
| 620 | _dLeipzig | ||
| 700 | 1 |
_6a01700 _aHermann _bB.F.J. _f1755-1815 _gBenedict Franz Johann _4070 |
|
| 700 | 1 |
_6a01700 _aГерман _bИ.Ф. _f1755-1815 _gИван Филиппович _4070 _7ca |
|
| 702 | 1 |
_aTornow _bCh. _gChristian _4650 |
|
| 702 | 1 |
_aJacobäer _bF.G. _gFriedrich Gotthold _4160 |
|
| 801 | 0 |
_aRU _bNLR _c19961112 |
|
| 852 |
_aNLR _bRossica _j13.2.7.15 |
||
| 942 | _cBOOK | ||
| 980 | _aNB | ||
| 980 | _aRossica | ||
| 980 | _ain18 | ||